Statistiques concernant Acteurs

Cliquez ici pour prendre le quiz!

Statistiques générales

  • Ce quiz a été pris 210 fois
  • Le résultat moyen est 15 sur 35

Statistiques - réponses

RôlesActeurs% Correct
Jack SparrowJohnny Depp
94%
Hermione GrangerEmma Watson
90%
Tony StarkRobert Downey Jr
81%
Peter ParkerTom Holland
80%
Peter ParkerAndrew Garfield
71%
Captain AmericaChris Evans
69%
LucyScarlett Johansson
66%
Jacques CouilleChristian Clavier
65%
LéonJean Reno
63%
Peter ParkerTobey Maguire
62%
LegolasOrlando Bloom
58%
Wanda MaximoffElizabeth Olsen
53%
Gwen StacyEmma Stone
51%
Severus RogueAlan Rickman
47%
Dom TorettoVin Diesel
46%
Bucky BarnesSebastian Stan
44%
Sirius BlackGary Oldman
41%
Ethan HuntTom Cruise
38%
Luke HobbsDwayne Johnson
34%
AragornViggo Mortensen
34%
Yelena BelovaFlorence Pugh
32%
GandalfIan McKellen
30%
HeimdallIdris Elba
30%
MorbiusJared Leto
30%
Rue BennettZendaya
27%
VisionPaul Bettany
25%
WongBenedict Wong
24%
CommodeJoaquin Phoenix
22%
Charles XavierPatrick Stewart
20%
ValkyrieTessa Thompson
20%
TaurielEvangeline Lilly
18%
Remus LupinDavid Thewlis
15%
Robert LangdonTom Hanks
13%
Nymphadora TonksNatalia Tena
12%
Howard Stark(jeune)Dominic Cooper
8%

Distribution des résultats

Percentile par nombre de réponses

% des personnes avec chaque résultat

Votre développement - résultats

Vous n’avez pas pris ce quiz